Superstar nach NBA Team - Statistiken

Allgemein
  • Dieses Quiz wurde 1.744 mal gespielt
    1.406 seit der letzten Aktualisierung
  • Das Durchschnittsergebnis liegt bei 23 aus 29
Antwortstatistiken
NBA Team Superstar % Korrekt
Phoenix Suns Devin Booker, Kevin Durant
97%
LA Lakers LeBron James
96%
GS Warriors Stephen Curry
96%
Denver Nuggets Nikola Jokic
95%
Milwaukee Bucks Giannis Antetokounmpo, Damian Lillard
94%
Memphis Grizzlies Ja Morant
94%
Dallas Mavs Luka Doncic
93%
Boston Celtics Jayson Tatum
92%
LA Clippers Kawhi Leonard, James Harden
90%
Minnesota Timberwolves Anthony Edwards
89%
Orlando Magic Paolo Banchero, Franz Wagner
88%
Philly 76ers Joel Embiid
87%
OKC Thunder Shai Gilgeous-Alexander
85%
Miami Heat Jimmy Butler
84%
Charlotte Hornets LaMelo Ball
83%
Atlanta Hawks Trae Young
82%
SA Spurs Victor Wembanyama
80%
New York Knicks Jalen Brunson, Julius Randle
79%
Indiana Pacers Tyrese Haliburton
79%
Sacramento Kings De´Aaron Fox, Domantas Sabonis
76%
NO Pelicans Zion Williamson
76%
Cleveland Cavs Donovan Mitchell
75%
Toronto Raptors Scottie Barnes, Dennis Schröder
66%
Detroit Pistons Cade Cunningham
64%
Washington Wizards Bradley Beal, Jordan Poole
59%
Houston Rockets Kevin Porter Jr , Jalen Green
52%
Utah Jazz Lauri Markkanen
50%
Brooklyn Nets Mikal Bridges
44%
Portland Trailblazers Shaedon Sharpe
16%
Keine übereinstimmenden Quizze gefunden
Verteilung der Resultate
Anzahl Personen mit jedem Resultat
Perzentil nach korrekt beantworteten Fragen
Ihre Resultats-Entwicklung
Sie haben dieses Quiz seit der letzten Aktualisierung nicht gespielt